<?xml version="1.0" encoding="UTF-8"?>
<record
    xmlns:xsi="http://www.w3.org/2001/XMLSchema-instance"
    xsi:schemaLocation="http://www.loc.gov/MARC21/slim http://www.loc.gov/standards/marcxml/schema/MARC21slim.xsd"
    xmlns="http://www.loc.gov/MARC21/slim">

  <leader>01045nam a22002057a 4500</leader>
  <controlfield tag="005">20240802122412.0</controlfield>
  <datafield tag="010" ind1=" " ind2=" ">
    <subfield code="a">HIN-128119</subfield>
  </datafield>
  <datafield tag="020" ind1=" " ind2=" ">
    <subfield code="c">35.00</subfield>
  </datafield>
  <datafield tag="035" ind1=" " ind2=" ">
    <subfield code="a">HN-100465</subfield>
  </datafield>
  <datafield tag="037" ind1=" " ind2=" ">
    <subfield code="b">DBAD</subfield>
  </datafield>
  <datafield tag="082" ind1=" " ind2=" ">
    <subfield code="a">230</subfield>
    <subfield code="b">1</subfield>
  </datafield>
  <datafield tag="100" ind1=" " ind2=" ">
    <subfield code="a">&#x935;&#x93F;&#x92D;&#x942;&#x937;&#x924; &#x905;&#x928;&#x94D;&#x928;&#x924;&#x936;&#x94D;&#x930;&#x940;</subfield>
    <subfield code="9">69290</subfield>
  </datafield>
  <datafield tag="245" ind1=" " ind2=" ">
    <subfield code="a">&#x92D;&#x915;&#x94D;&#x924;&#x93F;&#x915;&#x93E;  &#x91A;&#x92E;&#x924;&#x94D;&#x915;&#x93E;&#x930;/</subfield>
    <subfield code="c">&#x905;&#x928;&#x94D;&#x928;&#x924;&#x936;&#x94D;&#x930;&#x940; &#x935;&#x93F;&#x92D;&#x942;&#x937;&#x93F;&#x924;</subfield>
  </datafield>
  <datafield tag="260" ind1=" " ind2=" ">
    <subfield code="a">&#x928;&#x908; &#x926;&#x93F;&#x932;&#x94D;&#x932;&#x940;</subfield>
    <subfield code="b">&#x938;&#x924;&#x94D;&#x938;&#x93E;&#x939;&#x93F;&#x924;&#x94D;&#x92F; &#x92A;&#x94D;&#x930;&#x915;&#x93E;&#x936;&#x928; &#x91F;&#x94D;&#x930;&#x938;&#x94D;&#x91F; </subfield>
    <subfield code="c">11000 </subfield>
  </datafield>
  <datafield tag="270" ind1=" " ind2=" ">
    <subfield code="a">'&#x935;&#x93F;&#x92A;&#x941;&#x932;' 28/16 &#x92C;&#x940;.&#x91C;&#x940;.&#x916;&#x947;&#x930;&#x92E;&#x93E;&#x930;&#x94D;&#x917; &#x92E;&#x93E;&#x932;&#x93E;&#x935;&#x93E;&#x930; &#x939;&#x93F;&#x932;</subfield>
    <subfield code="b">&#x928;&#x908; &#x926;&#x93F;&#x932;&#x94D;&#x932;&#x940;</subfield>
  </datafield>
  <datafield tag="270" ind1=" " ind2=" ">
    <subfield code="e">400006</subfield>
    <subfield code="a">'&#x935;&#x93F;&#x92A;&#x941;&#x932;' 28/16 &#x92C;&#x940;.&#x91C;&#x940;.&#x916;&#x947;&#x930;&#x92E;&#x93E;&#x930;&#x94D;&#x917; &#x92E;&#x93E;&#x932;&#x93E;&#x935;&#x93E;&#x930; &#x939;&#x93F;&#x932;</subfield>
    <subfield code="b">&#x928;&#x908; &#x926;&#x93F;&#x932;&#x94D;&#x932;&#x940;</subfield>
    <subfield code="k">09619858361</subfield>
  </datafield>
  <datafield tag="300" ind1=" " ind2=" ">
    <subfield code="a">40 &#x92A;&#x943;&#x937;&#x94D;&#x920;</subfield>
    <subfield code="c">21 (&#x906;&#x91C;&#x93F;&#x932;&#x94D;&#x926;) </subfield>
  </datafield>
  <datafield tag="700" ind1=" " ind2=" ">
    <subfield code="a">&#x92A;&#x902;&#x902;.&#x926;&#x940;&#x928;&#x926;&#x92F;&#x93E;&#x932; &#x909;&#x92A;&#x93E;&#x927;&#x94D;&#x92F;&#x93E;&#x92F; &#x92A;&#x94D;&#x930;&#x936;&#x93F;&#x915;&#x94D;&#x937;&#x923;</subfield>
    <subfield code="9">69271</subfield>
  </datafield>
  <datafield tag="942" ind1=" " ind2=" ">
    <subfield code="c">HN</subfield>
    <subfield code="h">230</subfield>
    <subfield code="2">ddc</subfield>
    <subfield code="m">&#x92D;&#x942;&#x937;&#x93F;&#x924;</subfield>
  </datafield>
  <datafield tag="999" ind1=" " ind2=" ">
    <subfield code="c">204725</subfield>
    <subfield code="d">204725</subfield>
  </datafield>
  <datafield tag="952" ind1=" " ind2=" ">
    <subfield code="0">0</subfield>
    <subfield code="1">0</subfield>
    <subfield code="4">0</subfield>
    <subfield code="7">1</subfield>
    <subfield code="8">NFIC</subfield>
    <subfield code="a">DBAD</subfield>
    <subfield code="b">DBAD</subfield>
    <subfield code="d">2024-08-02</subfield>
    <subfield code="e">DBAD</subfield>
    <subfield code="g">35.00</subfield>
    <subfield code="l">0</subfield>
    <subfield code="o">230 &#x92D;&#x942;&#x937;&#x93F;&#x924;</subfield>
    <subfield code="p">HN-100465</subfield>
    <subfield code="r">2024-08-02 00:00:00</subfield>
    <subfield code="t">1 </subfield>
    <subfield code="v">35.00</subfield>
    <subfield code="w">2024-08-02</subfield>
    <subfield code="y">HN</subfield>
  </datafield>
</record>
